Loreto College Library, Kolkata
WEBOPAC (ONLINE PUBLIC ACCESS CATALOGUE)

Wating for godot (Record no. 21978)

MARC details
000 -LEADER
fixed length control field 00539nam a2200205Ia 4500
005 - DATE AND TIME OF LATEST TRANSACTION
control field 20230404092219.0
008 - FIXED-LENGTH DATA ELEMENTS--GENERAL INFORMATION
fixed length control field 131103s9999 xx 000 0 und d
020 ## - ISBN | অাই এস বি এন
ISBN | অাই এস বি এন 571058086
040 ## - CATALOGING SOURCE
Original cataloging agency Loreto College
041 ## - LANGUAGE CODE
Language code English
082 ## - DDC | ডিউই
Classification number | বর্গসংখ্যা 822.91
Book Number | গ্রন্থাঙ্ক BEC
100 ## - MAIN ENTRY--PERSONAL NAME | মুখ্য সংলেখ - ব্যাক্তিনাম
Personal name | ব্যাক্তিনাম Beckett, Samuel
245 ## - TITLE STATEMENT | অাখ্যা বিবরণী
Title | অাখ্যা Wating for godot
Sub title | উপঅাখ্যা a tragicomedy in two acts
Statement of responsibility | লেখকের দায়িত্বের বিবরণ Samuel Beckett
260 ## - IMPRINT | প্রকাশনা ক্ষেত্র
Place of publication | প্রকাশ স্থান London
Name of publisher | প্রকাশকের নাম Faber and Faber
Date of publication | প্রকাশ কাল 1968
300 ## - PHYSICAL DESCRIPTION |
Page / Vol. No | পৃষ্ঠা / খন্ড সংখ্যা 94p.
650 ## - SUBJECT ADDED ENTRY--TOPICAL TERM | বিষয় শিরোনাম - মূল বিষয়
Topical term | মূল বিষয় English play - tragic
651 ## - SUBJECT ADDED ENTRY--GEOGRAPHIC NAME | বিষয় শিরোনাম - ভৌগলিক নাম
Geographic name | ভৌগলিক বিষয় English play-comedy
850 ## - HOLDING INSTITUTION
Holding institution LCLIB
942 ## - ADDED ENTRY ELEMENTS (KOHA)
Koha item type Books
Holdings
Withdrawn status Lost status Source of classification Damaged status Not for loan Home library Current library Date acquired Total Checkouts Full call number Accession No. Date last seen Date checked out Price effective from Koha item type Coded location qualifier
    Dewey Decimal Classification     Loreto College Loreto College 04/11/2013 5 822.91 BEC 17388 B24255 28/03/2025 21/03/2025 04/11/2013 Books  
    Dewey Decimal Classification     Loreto College Loreto College 04/11/2013 2 822.91 BEC 17389 B24264 01/04/2024 22/03/2024 04/11/2013 Books